| 000 | 00816nam a2200265Ia 4500 | ||
|---|---|---|---|
| 003 | OSt | ||
| 005 | 20220926021017.0 | ||
| 006 | a|||||r|||| 00| 0 | ||
| 007 | ta | ||
| 008 | 220923b |||||||| |||| 00| 0 eng d | ||
| 037 | _cGeneral Book | ||
| 040 |
_aRTL _cRTL _beng |
||
| 041 |
_2eng _aeng |
||
| 082 | _aX:54.1(X).N9, N3 | ||
| 100 |
_aAgosin Manuel R. Ed. _9325587 |
||
| 245 | 0 |
_aTrade and growth _b New dilemmas in trade policy e |
|
| 260 |
_aNew York _bSt. Martin's Press U. S. A. _c1993 |
||
| 300 |
_axviii, 296p. _ccm. |
||
| 490 | _aInternational Political Economy | ||
| 650 | _a Economics | ||
| 650 | _aInternational Trade | ||
| 700 |
_a Tussie Diana Ed. _9325588 |
||
| 942 |
_hX:54.1(X).N9, N3 _cGB _2CC |
||
| 999 |
_c635465 _d635465 |
||